[Event "SRB-chT (Women)"]
[Site "Custica"]
[Date "2022.10.30"]
[Round "9.6"]
[White "Vukosavljevic, Tatjana"]
[Black "Vujanovic, Anastasija"]
[Result "1-0"]
[WhiteElo "1758"]
[BlackElo "1633"]
[PlyCount "71"]
[EventDate "2022.10.22"]
[EventType "team-tourn"]
[EventRounds "11"]
[EventCountry "SRB"]
[SourceTitle "EXT 2024"]
[Source "ChessBase"]
[SourceDate "2023.10.10"]
[SourceVersion "1"]
[SourceVersionDate "2023.10.10"]
[SourceQuality "1"]
[WhiteTeam "Belgrade Crvena Zvezda (W)"]
[BlackTeam "Belgrade Partizan (W)"]
[WhiteTeamCountry "SRB"]
[BlackTeamCountry "SRB"]

1. Nf3 c6 2. g3 d6 3. d4 d5 4. Bg2 e6 5. c4 f5 6. 0-0 Nf6 7. Nc3 Be7 8. Bf4 0-0 9. c5 Ne4 10. Nd2 Bf6 11. Kh1 Nd7 12. f3 Nxd2 13. Qxd2 e5 14. dxe5 Bxe5 15. Bxe5 Nxe5 16. Qd4 Qe7 17. Rad1 f4 18. gxf4 Ng6 19. e3 Qh4 20. Ne2 Bh3 21. Rg1 Bxg2+ 22. Rxg2 Qf6 23. Rdg1 Qxd4 24. Nxd4 Rae8 25. f5 Nh4 26. Rxg7+ Kh8 27. e4 dxe4 28. fxe4 Rxe4 29. R7g4 Rxg4 30. Rxg4 Nxf5 31. Rf4 Nxd4 32. Rxf8+ Kg7 33. Rb8 b5 34. cxb6 axb6 35. Rxb6 c5 36. Rd6 1-0

[Event "SRB-ch U14 Girls"]
[Site "Novi Sad"]
[Date "2018.04.08"]
[Round "9"]
[White "Vukosavljevic, Tatjana"]
[Black "Grujic, Ivana"]
[Result "1-0"]
[WhiteElo "1614"]
[BlackElo "1477"]
[PlyCount "60"]
[EventDate "2018.04.02"]
[EventType "swiss"]
[EventRounds "9"]
[EventCountry "SRB"]
[SourceTitle "EXT 2019"]
[Source "ChessBase"]
[SourceDate "2018.10.10"]
[SourceVersion "1"]
[SourceVersionDate "2018.10.10"]
[SourceQuality "1"]

1. Nf3 d5 2. g3 c6 3. Bg2 Bg4 4. 0-0 Nd7 5. d4 e6 6. b3 Bd6 7. Bb2 Ne7 8. c4 0-0 9. Nbd2 b6 10. h3 Bh5 11. Qc1 Qc7 12. e4 e5 13. dxe5 Nxe5 14. Nxe5 Bxe5 15. Bxe5 Qxe5 16. exd5 cxd5 17. cxd5 Rac8 18. Qe1 Qd6 19. Nc4 Qc5 20. Qe5 Bg6 21. d6 Bd3 22. Qxc5 Rxc5 23. dxe7 Bxf1 24. exf8Q+ Kxf8 25. Kxf1 f6 26. Rd1 Ke7 27. Rd5 Rxd5 28. Bxd5 g6 29. a4 f5 30. f4 Kf6 1-0

[Event "SRB-ch U14 Girls"]
[Site "Novi Sad"]
[Date "2018.04.05"]
[Round "5"]
[White "Carevic, Milica"]
[Black "Vukosavljevic, Tatjana"]
[Result "1-0"]
[WhiteElo "1524"]
[BlackElo "1614"]
[PlyCount "93"]
[EventDate "2018.04.02"]
[EventType "swiss"]
[EventRounds "9"]
[EventCountry "SRB"]
[SourceTitle "EXT 2019"]
[Source "ChessBase"]
[SourceDate "2018.10.10"]
[SourceVersion "1"]
[SourceVersionDate "2018.10.10"]
[SourceQuality "1"]

1. e4 e5 2. Nf3 Nc6 3. d4 exd4 4. Nxd4 Nf6 5. Nc3 Bb4 6. Nxc6 bxc6 7. Bd3 d5 8. exd5 cxd5 9. 0-0 0-0 10. Bd2 Bb7 11. f3 Rb8 12. Kh1 Bxc3 13. Bxc3 d4 14. Bxd4 a6 15. b3 Nh5 16. Qd2 Qd6 17. Qg5 Qxd4 18. Qxh5 g6 19. Qa5 c5 20. Rad1 Qe5 21. Rfe1 Qh5 22. Be4 Bxe4 23. Rxe4 Qg5 24. Rde1 Rbd8 25. Re5 Qd2 26. Qxd2 Rxd2 27. Rxc5 Rfd8 28. Kg1 a5 29. Kf1 Ra8 30. a4 Rad8 31. Re2 Rd1+ 32. Kf2 Rh1 33. h3 Rdd1 34. Rxa5 Rhf1+ 35. Kg3 Rd4 36. Rae5 f5 37. a5 h5 38. Kh2 h4 39. Re1 Rf2 40. R5e2 Rxe2 41. Rxe2 Rd5 42. b4 g5 43. c4 Rd4 44. Rc2 Kf7 45. a6 Ke6 46. b5 Rd8 47. b6 1-0